| 000 | 00734nam a22002297a 4500 | ||
|---|---|---|---|
| 003 | DO-SdBNP | ||
| 005 | 20171205085110.0 | ||
| 008 | 161031b 1974 mx c 1 00| 0 spa d | ||
| 040 |
_aBPMSU _bspa _cBPMSU |
||
| 082 |
_axxxx _bxxxx |
||
| 100 | 1 |
_aJelliffe, Derrick B. _d1921-1992 |
|
| 245 | 1 | 0 |
_aNutrición infantil en paises en desarrollo : _bpara trabajadores especializados / _cDerrick B. Jelliffe ; Antonio Bosch Tejeda |
| 250 | _a3a. ed. | ||
| 260 |
_aMexico : _bLimusa, _c1974. |
||
| 300 |
_a263 p. : _c24 cm. |
||
| 500 | _aIncluye índice. | ||
| 700 | 1 |
_aBosch Tejeda, Antonio _etrad. |
|
| 910 | _a000144 | ||
| 942 |
_2ddc _cBK |
||
| 945 | _ainventariado extranjero / DG | ||
| 956 |
_2YLOCKWARD _310 _8BPMSU _aYngrid Lockward |
||
| 999 |
_c12980 _d12980 |
||